| 000 | 00000nam 2200000za 4500 |
| 001 | 9.689673 |
| 003 | CaOODSP |
| 005 | 20210624232013 |
| 007 | cr ||||||||||| |
| 008 | 150407s2007 onc|||||o f|0| 0 eng d |
| 020 | |a978-0-662-45815-9 |
| 040 | |aCaOODSP|beng |
| 043 | |an-cn--- |
| 086 | 1 |aCH1-3/2007E-PDF |
| 110 | 1 |aCanada. |bCanadian Heritage. |
| 245 | 10|aGuide to Canadian Heritage financial support programs |h[electronic resource]. |
| 260 | |aOttawa : |bCanadian Heritage, |c2007. |
| 300 | |a88 p. |
| 590 | |a09-07-Supp|b2009-08-17 |
| 775 | 08|tGuide des programmes d'appui financier de Patrimoine canadien |w(CaOODSP)9.634071 |
| 776 | 0#|tGuide to Canadian Heritage financial support programs |w(CaOODSP)9.668511 |
| 776 | 0#|tGuide des programmes d'appui financier de Patrimoine canadien |w(CaOODSP)9.668512 |
| 794 | |tGuide to Canadian Heritage financial support programs, 2008/2009 |w(CaOODSP)9.690959 |
| 795 | |tGuide to Canadian Heritage financial support programs |w(CaOODSP)9.688211 |
| 856 | 40|ahttp://publications.gc.ca|qPDF|s457 KB|uhttps://publications.gc.ca/collections/collection_2007/ch-pc/CH1-3-2007E.pdf |